Life worlds of children of sex workers in Budhwar Peth (Record no. 111973)

000 -LEADER
fixed length control field 00404pab a2200157 454500
008 - FIXED-LENGTH DATA ELEMENTS--GENERAL INFORMATION
fixed length control field 180718b2015 xxu||||| |||| 00| 0 eng d
100 ## - MAIN ENTRY--PERSONAL NAME
Personal name Rawat, Ayushi
245 ## - TITLE STATEMENT
Title Life worlds of children of sex workers in Budhwar Peth
260 ## - PUBLICATION, DISTRIBUTION, ETC.
Date of publication, distribution, etc. 2015
300 ## - PHYSICAL DESCRIPTION
Extent p.573-590.
362 ## - DATES OF PUBLICATION AND/OR SEQUENTIAL DESIGNATION
Dates of publication and/or sequential designation Oct
650 ## - SUBJECT ADDED ENTRY--TOPICAL TERM
Topical term or geographic name entry element Sex workers
700 ## - ADDED ENTRY--PERSONAL NAME
Personal name Shewli Kumar
773 ## - HOST ITEM ENTRY
Main entry heading Indian Journal of Social Work
909 ## -
-- 111978
Holdings
Withdrawn status Lost status Damaged status Not for loan Permanent Location Current Location Date acquired Serial Enumeration / chronology Barcode Date last seen Price effective from Koha item type
        Indian Institute of Public Administration Indian Institute of Public Administration 2018-07-19 Volume no: 76, Issue no: 4 AR112438 2018-07-19 2018-07-19 Articles

Powered by Koha